000 00533nam a2200169Ia 4500
999 _c1095
_d1095
003 OSt
005 20210121115713.0
008 190216s9999||||xx |||||||||||||| ||und||
040 _coclc
082 _a632.9
_bUNI/P
100 _aUnited States Department
_98335
245 0 _aPlant Diseases The Year Book Of Agriculture /
_cUnited States Department
260 _bOxford And Ibh Publishing Co. Pvt Ltd,
_c1969.
_aNew Delhi:
300 _a494p
650 _aBotany
942 _cBK
_2ddc
_h632.9
_iUNI/P
_k632.9
_mUNI/P